Sesshū's long scroll : a zen landscape journey /

Bibliographic Details
Main Author: Sesshū, 1420-1506
Other Authors: Chiba, Reiko
Format: Book
Language:English
Published: Rutland, Vt. : C.E. Tuttle, [1959]
Subjects:

MARC

Tag First Indicator Second Indicator Subfields
LEADER 00000cam a2200000 a 4500
001 in00000017663
005 20151007053455.0
008 860917r1959 vtua b 00010 eng d
010 |a  54014085  
035 |a (OCoLC)14225905 
035 |9 AAB1777AM 
040 |a NPL  |c NPL  |d m/c  |d TXA  |d UtOrBLW 
049 |a TXAM  |c [A10940267] 
050 4 |a ND1059.S5  |b A5 1982 
100 0 |a Sesshū,  |d 1420-1506. 
245 1 0 |a Sesshū's long scroll :  |b a zen landscape journey /  |c with introduction & commentary by Reiko Chiba. 
264 1 |a Rutland, Vt. :  |b C.E. Tuttle,  |c [1959] 
264 4 |c ©1959 
300 |a 39 leaves :  |b illustrations ;  |c 14 cm. 
336 |a text  |b txt  |2 rdacontent 
337 |a unmediated  |b n  |2 rdamedia 
338 |a volume  |b nc  |2 rdacarrier 
500 |a Bound in wood. 
500 |a The Long landscape scroll is the painter's acknowledged masterpiece, here reproduced in its entirety. 
500 |a In folder form, on continuous strip folded to form 39 leaves. 
504 |a Bibliography: leaf 6. 
650 0 |a Scrolls, Japanese. 
700 1 |a Chiba, Reiko. 
740 0 |a Long scroll. 
999 |a MARS 
999 f f |s 12e61d00-a76e-3c00-b7b1-43eda5a5e7e1  |i 50aac773-200c-316e-b3a4-f6cbeaa625fc  |t 0 
952 f f |p normal  |a Texas A&M University  |b College Station  |c Sterling C. Evans Library  |d Evans: Library Stacks  |t 0  |e ND1059.S5 A5 1982  |h Library of Congress classification  |i unmediated -- volume  |m A14810940267 
952 f f |p noncirc  |a Texas A&M University  |b College Station  |c Cushing Memorial Library & Archives  |d Cushing: Literature/Mitchell (Does not check out)  |t 0  |e ND1059.S5 A5 1959  |h Library of Congress classification  |i unmediated -- volume 
998 f f |a ND1059.S5 A5 1959  |t 0  |l Cushing: Literature/Mitchell (Does not check out) 
998 f f |a ND1059.S5 A5 1982  |t 0  |l Evans: Library Stacks